Research Instruments in Social Gerontology : Clinical and Social Psychology /

Gespeichert in:
Bibliographische Detailangaben
1. Verfasser: Mangen, David J. (ed.)
Weitere Verfasser: Peterson, Warren A. (edición) (edición)
Format: Buch
Sprache:Englisch
Veröffentlicht: Minneápolis, EUA : University of Minnesota, 1982, c1982
Schlagworte:
Tags: Tag hinzufügen
Keine Tags, Fügen Sie das erste Tag hinzu!

MARC

LEADER 00000nam^a2200000^a^4500
001 000187952
005 20250521000000.0
009 20260310102321.113
020 |a 0-8166-0991-8 
037 |a Acervo ITESO - Biblioteca 
041 |a ING 
082 |a 618. 97  |b MAN V. 1 
100 |a Mangen, David J.  |e (ed.) 
240 1 1 |a [Research Instruments in Social Gerontology] 
245 1 0 |a Research Instruments in Social Gerontology :  |b Clinical and Social Psychology /  |c Ed. de D.J. Mangen, W.A. Peterson ; colaboración de Toshi Kii, Robert Sanders. 
264 4 |a Minneápolis, EUA :  |b University of Minnesota,  |c 1982, c1982 
300 |a XIV, 652 p. 
336 |a texto  |b txt  |2 rdacontenido 
337 |a sin mediación  |b n  |2 rdamedio 
338 |a volumen  |b nc  |2 rdasoporte 
649 |a XX 
650 |a Ancianos -  |x Condiciones Psicológicas 
650 |a Ancianos -  |x Condiciones Sociales y Culturales -  |x Tema Principal 
650 |a Ancianos 
650 |a Servicios Médicos y de Salud -  |z EUA 
650 |a Asistencia Social -  |z EUA 
650 |a Investigación Médica -  |z EUA -  |x Tema Principal 
650 |a Gerontología -  |x Tema Principal 
650 |a Sociología 
650 |a Salud Pública 
700 |a Peterson, Warren A.  |e (edición) 
910 |a Fondo General 
920 |a Impresos - Libros 
930 |a Colección General 
905 |a 101 
901 |a 0500130327  |b IT1  |c ACC  |u 20250521 
902 |a https://opac.biblio.iteso.mx/vufind/Record/000187952